Mechanical metallurgy (Record no. 25704)

000 -LEADER
fixed length control field 00503nam a22001937a 4500
001 - CONTROL NUMBER
control field 25704
003 - CONTROL NUMBER IDENTIFIER
control field BD-DhUET
008 - FIXED-LENGTH DATA ELEMENTS--GENERAL INFORMATION
fixed length control field 150516b xxu||||| |||| 00| 0 eng d
040 ## - CATALOGING SOURCE
Transcribing agency 0
Modifying agency BD-DhUET
082 ## - DEWEY DECIMAL CLASSIFICATION NUMBER
Classification number 669.94
Item number DIE/1961
100 ## - MAIN ENTRY--PERSONAL NAME
Personal name Dieter, E. George
245 ## - TITLE STATEMENT
Title Mechanical metallurgy
250 ## - EDITION STATEMENT
Edition statement 1st ed.
260 ## - PUBLICATION, DISTRIBUTION, ETC. (IMPRINT)
Place of publication, distribution, etc. London
Name of publisher, distributor, etc. McGraw-Hill
Date of publication, distribution, etc. 1961
300 ## - PHYSICAL DESCRIPTION
Extent xix, 615p.
Other physical details ill
490 ## - SERIES STATEMENT
Series statement Metallurgy and metallurgical engineering series
650 #0 - SUBJECT ADDED ENTRY--TOPICAL TERM
Topical term or geographic name as entry element Strength of materials
942 ## - ADDED ENTRY ELEMENTS (KOHA)
Koha item type General Book
Holdings
Koha normalized classification for sorting Shelving location Piece designation (barcode) Koha issues (times borrowed) Not for loan Source of classification or shelving scheme Copy number Lost status Sublocation or collection (holding branch) Price effective from Koha full call number Koha item type Date acquired Koha date last seen Koha date last borrowed Location (home branch) Withdrawn status Damaged status Koha out on loan
669_940000000000000_DIE_1961Circulation section7380   1 Central Library, BUET2015-05-16669.94/DIE/1961General Book2015-05-162015-05-16 Central Library, BUET   
669_940000000000000_DIE_1961Circulation section20408   2 Central Library, BUET2015-05-16669.94/DIE/1961General Book2015-05-162015-05-16 Central Library, BUET   
669_940000000000000_DIE_1961Circulation section11400   3 Central Library, BUET2015-05-16669.94/DIE/1961General Book2015-05-162015-05-16 Central Library, BUET   
669_940000000000000_DIE_1961Circulation section31952   4 Central Library, BUET2015-05-16669.94/DIE/1961General Book2015-05-162015-05-16 Central Library, BUET   
669_940000000000000_DIE_1961Circulation section31933   5 Central Library, BUET2015-05-19669.94/DIE/1961General Book2015-05-192015-05-19 Central Library, BUET   
669_940000000000000_DIE_1961Circulation section547042  6 Central Library, BUET2015-05-20669.94/DIE/1961General Book2015-05-202024-05-262024-03-04Central Library, BUET   
669_940000000000000_DIE_1961Circulation section24464   7 Central Library, BUET2015-05-21669.94/DIE/1961General Book2015-05-212015-05-21 Central Library, BUET   
669_940000000000000_DIE_1961Circulation section204071  8 Central Library, BUET2015-05-21669.94/DIE/1961General Book2015-05-212018-10-062018-08-08Central Library, BUET   
669_940000000000000_DIE_1961Circulation section31936   9 Central Library, BUET2015-05-23669.94/DIE/1961General Book2015-05-232017-03-11 Central Library, BUET   
669_940000000000000_DIE_1961Circulation section319351  10 Central Library, BUET2015-05-23669.94/DIE/1961General Book2015-05-232025-04-302025-04-30Central Library, BUET  2025-05-14
669_940000000000000_DIE_1961Reading section24463   11 Central Library, BUET2015-06-17669.94/DIE/1961General Book2015-06-172015-06-17 Central Library, BUET   
669_940000000000000_DIE_1961Reading section36043   12 Central Library, BUET2015-06-27669.94/DIE/1961Reading Item2015-06-272015-06-27 Central Library, BUET